New Megacities in 2030 - Statistics

General Stats
  • This quiz has been taken 130 times
  • The average score is 5 of 10
Answer Stats
Answer % Correct
Dar es Salaam, Tanzania
62%
Bogotá, Colombia
60%
Luanda, Angola
57%
Hyderabad, India
56%
Ahmedabad, India
53%
Ho Chi Minh City, Vietnam
47%
Lahore, Pakistan
47%
Chengdu, China
43%
Johannesburg, South Africa
38%
Bangkok, Thailand
30%
No matching quizzes found
Score Distribution
Percent of People with Each Score
Percentile by Number Answered
Your Score History
You have not taken this quiz